| 000 | 00952nam a2200241 a 4500 | ||
|---|---|---|---|
| 001 | 000058667 | ||
| 003 | AM-YEHGA | ||
| 005 | 20250617121504.0 | ||
| 008 | 970912s1980 ru |||||||||||||rus d | ||
| 040 | _aAM-YeHGA | ||
| 041 | 1 |
_arus _heng |
|
| 100 | 1 | _aЭзау, Кэтрин | |
| 245 | 1 | 0 |
_aАнатомия семенных растений. _bПеревод с английского / _cК. Эзау ; Пер. А. Е. Васильева и др. ; Под ред. А.Л. Тахтаджяна. |
| 246 | 1 | 1 | _aAnatomy of seed plants |
| 260 |
_aМосква : _bМир, _c1980. |
||
| 300 | _aкнига | ||
| 505 | 1 | 0 |
_gКн. 1 (1980, 218 с. : ил., 32 л. ил.) : _gКн. 2 (1980, 230-558 с. : ил., 32 л. ил) |
| 650 | 1 | 4 | _aБиологические науки |
| 700 | 1 |
_aВасильева, А.Е. _eпер. _4trl |
|
| 700 | 1 |
_aԹախտաջյան, Արմեն Լևոնի, _d1910- _eред. _4edt |
|
| 942 |
_2udc _cBK |
||
| 090 | _c17095 | ||
| 999 |
_c16960 _d16960 |
||